000 00320nam a22001337a 4500
008 181106b xxu||||| |||| 00| 0 eng d
020 _a9780938529200
041 _aeng
080 _26 th
_a370
100 _a49
101 _aEDU
245 _aSuccessful Develop Mangers Coach Handbook
_cFisher.A
942 _2udc
_cBK
999 _c51924
_d51924